|
|
|
|
| LEADER |
00775nam a22001817a 4500 |
| 008 |
200313b xxu||||| |||| 00| 0 eng d |
| 999 |
|
|
|c 28649
|d 28649
|
| 020 |
|
|
|a 9788182677265
|
| 082 |
|
|
|a 894.13
|b BAL
|
| 100 |
|
|
|a ബാലകൃഷ്ണന്, സി.വി.
|
| 245 |
|
|
|a എന്നും ഞായറാഴ്ച ആയുരുന്നെങ്കില് /
|c സി.വി. ബാലകൃഷ്ണന്
|
| 250 |
|
|
|a 1st ed.
|
| 260 |
|
|
|a കോഴിക്കോട് :
|b മാതൃഭൂമി ബുക്സ്,
|c 2019.
|
| 300 |
|
|
|a 107p.
|
| 650 |
|
|
|a Novel
|
| 700 |
|
|
|a Balakrishnan, C. V.
|
| 942 |
|
|
|2 ddc
|c BK
|
| 952 |
|
|
|0 0
|1 0
|2 ddc
|4 0
|6 894_130000000000000_BAL
|7 0
|9 39438
|a MAIN
|b MAIN
|d 2020-03-13
|e Gift
|g 140.00
|o 894.13 BAL
|p 37749
|r 2020-03-13
|t 1
|w 2020-03-13
|y BK
|